سلگتے ساۓ (Record no. 3034)

MARC details
000 -LEADER
fixed length control field 00782 a2200241 4500
005 - DATE AND TIME OF LATEST TRANSACTION
control field 20081010155222.0
008 - FIXED-LENGTH DATA ELEMENTS--GENERAL INFORMATION
fixed length control field 081010t xxu||||| |||| 00| 0 ur d
010 ## - LCCN (DPL NO)
LC control number UR-7314
020 ## - INTERNATIONAL STANDARD BOOK NUMBER
Terms of availability 75.00
035 ## - SYSTEM CONTROL NUMBER
System control number U-5859
037 ## - SOURCE OF ACQUISITION
Source of stock number/acquisition D.B.Act / Pub
082 ## - DEWEY DECIMAL CLASSIFICATION NUMBER
Classification number 841
100 ## - MAIN ENTRY--PERSONAL NAME
Personal name درد دھلوی
245 ## - TITLE STATEMENT
Title سلگتے ساۓ
Statement of responsibility, etc درد دھلوی
246 ## - VARYING FORM OF TITLE
Title proper/short title Sulagtey Saye
Remainder of title by Dard Delhvi
260 ## - PUBLICATION, DISTRIBUTION, ETC. (IMPRINT)
Place of publication, distribution, etc دھلی
Name of publisher, distributor, etc درد دھلوی،
Date of publication, distribution, etc 2005
270 ## - ADDRESS
Address 657,Gali No 26,Jafrabad,
City دھلی
Postal code 110053
300 ## - PHYSICAL DESCRIPTION
Extent 128p
Other physical details 22 cm (Pbk.)
650 ## - SUBJECT ADDED ENTRY--TOPICAL TERM
Topical term or geographic name as entry element نظميں
650 ## - SUBJECT ADDED ENTRY--TOPICAL TERM
Topical term or geographic name as entry element Poems
942 ## - ADDED ENTRY ELEMENTS (KOHA)
Institution code [OBSOLETE] dpl
Item type Urdu Bks
Call number prefix /
Source of classification or shelving scheme Dewey Decimal Classification
Classification part 841
Call number suffix درد
Holdings
Withdrawn status Lost status Source of classification or shelving scheme Damaged status Not for loan Collection code Home library Current library Date acquired Cost, normal purchase price Total Checkouts Full call number Barcode Date last seen Copy number Cost, replacement price Koha item type
    Dewey Decimal Classification   Not For Loan Non-fiction D.B.Act.Division D.B.Act.Division 10/10/2008 75.00   841 درد U-5859 15/09/2008 1 75.00 Urdu Bks

© Delhi Public Library
Hit Counter
free hit counter